000 01326nam a2200313 a 4500
001 ebr10361550
003 CaPaEBR
006 m u
007 cr cn|||||||||
008 080905s2008 si ab sb 001 0 eng
010 _z 2008039270
020 _z9789812818904 (alk. paper)
020 _z9812818901 (alk. paper)
040 _aCaPaEBR
_cCaPaEBR
035 _a(OCoLC)557658045
050 1 4 _aQC861.3
_b.R43 2008eb
082 0 4 _a551.5
_222
245 0 0 _aRecent progress in atmospheric sciences
_h[electronic resource] :
_bapplications to the Asia-Pacific region /
_ceditors, K.N. Liou, M.D. Chou ; executive editor, H.-H. Hsu.
260 _aSingapore ;
_aHackensack, NJ :
_bWorld Scientific Pub.,
_cc2008.
300 _aix, 486 p. :
_bill. (some col.), maps (some col.).
504 _aIncludes bibliographical references and index.
533 _aElectronic reproduction.
_bPalo Alto, Calif. :
_cebrary,
_d2013.
_nAvailable via World Wide Web.
_nAccess may be limited to ebrary affiliated libraries.
650 0 _aAtmospheric physics.
655 7 _aElectronic books.
_2local
700 1 _aLiou, Kuo-Nan.
700 1 _aChou, M. D.
_q(Ming-Dah)
710 2 _aebrary, Inc.
856 4 0 _uhttp://site.ebrary.com/lib/rucke/Doc?id=10361550
_zAn electronic book accessible through the World Wide Web; click to view
999 _c106241
_d106241